000 01169nam a2200229Ia 4500
001 A940-35630
003 IT-CnALBA
008 170116s9999||||xx |||||||||||||| ||und||
040 _aIT-CnALBA
_cIT-CnALBA
041 _aITALIANO
100 _aSENZA AUTORE
245 0 _aDEL MAPPAMONDO ISTORICO. TOMO I. STORIA DELLE MONARCHIE ASSIRIE PERSIANE GRECHE.
250 _a1a ed.
260 _aS.C.
_bS.e.
_cn.d.
300 _a378 p.
500 _aMUTILO DI FRONTESPIZIO. IMPORTANZA DELLA STORIA. METODO DI LETTURA. ASSIRIA PERSIA GRECIA. INDICE ATENE E SPARTA. UOMINI ILLUSTRI DELLA GRECIA. PITTORI SCULTORI ARCHITETTI. ALESSANDRO MAGNO. MACEDONI ASIA MINORE. SIRIA EGITTO. RE DEL PONTO. PERGAMO. RE DE
501 _aSocietà San Paolo EM - Piazza San Paolo, 14 - 12051 ALBA (CN) (non commercial uses only) ® Copyright 2017
520 _aMUTILO DI FRONTESPIZIO. IMPORTANZA DELLA STORIA. METODO DI LETTURA. ASSIRIA PERSIA GRECIA. INDICE ATENE E SPARTA. UOMINI ILLUSTRI DELLA GRECIA. PITTORI SCULTORI ARCHITETTI. ALESSANDRO MAGNO. MACEDONI ASIA MINORE. SIRIA EGITTO. RE DEL PONTO. PERGAMO. RE DE
650 _aSTORIA ANTICA
942 _cBK
957 _71
999 _a40394
_bSI
_g Copie: 1
_c294457
_d294457